00405 a2200157 4500003000400000005001700004008004100021020001800062040000900080082001500089100002300104245005400127250001200181260004400193300001000237OSt20240202133702.0240202b |||||||| |||| 00| 0 eng d a9789395281393 coclc a920bGOP/O aMuthukad, Gopinath aOrmakalude manthrikasparsham /cGopinath Muthukad a6th ed. aKozhikode:b Olive Publications,c2022. a218p.